[Event "FIN-chT1A 1819"]
[Site "Finland"]
[Date "2018.12.08"]
[Round "4.7"]
[White "Kesanen, Viljami"]
[Black "Nurk, Ivo"]
[Result "0-1"]
[WhiteElo "1765"]
[BlackElo "2085"]
[PlyCount "106"]
[EventDate "2018.09.15"]
[EventType "team-tourn"]
[EventRounds "7"]
[EventCountry "FIN"]
[SourceTitle "EXT 2020"]
[Source "ChessBase"]
[SourceDate "2019.10.17"]
[SourceVersion "1"]
[SourceVersionDate "2019.10.17"]
[SourceQuality "1"]
[WhiteTeam "Tampere Tammer II"]
[BlackTeam "Karjaa KarjUra"]
[WhiteTeamCountry "FIN"]
[BlackTeamCountry "FIN"]

1. d4 d5 2. c4 c6 3. cxd5 cxd5 4. Nc3 Nc6 5. Nf3 Nf6 6. Bf4 Qb6 7. Na4 Qa5+ 8. Bd2 Qc7 9. Nc3 Bf5 10. e3 h6 11. Bb5 a6 12. Bxc6+ bxc6 13. Ne5 Nd7 14. Nxd7 Bxd7 15. 0-0 e6 16. e4 Bd6 17. e5 Bf8 18. Be3 Rb8 19. b3 c5 20. dxc5 Bxc5 21. Bxc5 Qxc5 22. Rc1 0-0 23. Ne4 Qa5 24. Qd2 Qxd2 25. Nxd2 Rfc8 26. Nf3 Kf8 27. Rfd1 Ke7 28. Kf1 f6 29. Ke1 a5 30. Kd2 Rb4 31. Rxc8 Bxc8 32. Rc1 Kd7 33. h3 a4 34. Rc3 Ba6 35. bxa4 Rxa4 36. a3 Bf1 37. exf6 gxf6 38. Ne1 e5 39. f3 Kd6 40. Kc2 f5 41. Kb3 Rd4 42. Kc2 e4 43. Rb3 Kc5 44. fxe4 fxe4 45. h4 Bb5 46. Rc3+ Rc4 47. Rxc4+ Kxc4 48. Kd2 d4 49. Nc2 Bd7 50. g3 e3+ 51. Ke1 Bf5 52. Nb4 d3 53. Na2 Bg4 0-1

[Event "FIN-chT 1718"]
[Site "Finland"]
[Date "2017.10.21"]
[Round "3.3"]
[White "Maki, Veijo"]
[Black "Nurk, Ivo"]
[Result "1/2-1/2"]
[WhiteElo "2368"]
[BlackElo "2112"]
[PlyCount "113"]
[EventDate "2017.09.16"]
[EventType "team-tourn"]
[EventRounds "11"]
[EventCountry "FIN"]
[SourceTitle "EXT 2019"]
[Source "ChessBase"]
[SourceDate "2018.10.10"]
[SourceVersion "1"]
[SourceVersionDate "2018.10.10"]
[SourceQuality "1"]
[WhiteTeam "Tampere Tammer"]
[BlackTeam "Karjaa KarjUra"]
[WhiteTeamCountry "FIN"]
[BlackTeamCountry "FIN"]

1. Nf3 d5 2. g3 c6 3. Bg2 Bg4 4. 0-0 Nf6 5. d3 Nbd7 6. c4 e6 7. b3 Bd6 8. Bb2 0-0 9. Nbd2 Qc7 10. Rc1 Bh5 11. Rc2 Rfe8 12. Qa1 a5 13. a3 Bg6 14. Rcc1 Rad8 15. Bc3 b6 16. b4 axb4 17. axb4 Ra8 18. Qb2 Ra4 19. cxd5 exd5 20. Nd4 c5 21. Nb5 Qc6 22. Nxd6 Qxd6 23. bxc5 bxc5 24. Qc2 Rea8 25. Bxf6 gxf6 26. Qb3 Nb6 27. Qc3 R8a5 28. Nb3 Ra3 29. Qb2 Ra2 30. Qb1 R5a3 31. Nxc5 Rxe2 32. Qb5 Raa2 33. Bf3 Rab2 34. Qa5 Ra2 35. Qc3 d4 36. Qb4 Rab2 37. Qa5 Ra2 38. Qb5 Rab2 39. Qc6 Qxc6 40. Bxc6 Red2 41. Be4 f5 42. Bf3 f4 43. gxf4 Bxd3 44. Rfd1 Bf5 45. Ne4 Bxe4 46. Rxd2 Rxd2 47. Bxe4 Na4 48. Rc8+ Kg7 49. Kg2 Nc3 50. Bf3 Ne2 51. Bxe2 Rxe2 52. Rd8 Rd2 53. Kf1 Kg6 54. Ke1 Rd3 55. Ke2 Rh3 56. Rxd4 Rxh2 57. Kf3 1/2-1/2

[Event "FIN-chT 1718"]
[Site "Finland"]
[Date "2017.09.17"]
[Round "2.5"]
[White "Sorsa, Nuutti"]
[Black "Nurk, Ivo"]
[Result "1-0"]
[WhiteElo "2206"]
[BlackElo "2112"]
[PlyCount "49"]
[EventDate "2017.09.16"]
[EventType "team-tourn"]
[EventRounds "11"]
[EventCountry "FIN"]
[SourceTitle "CBM 180 Extra"]
[Source "ChessBase"]
[SourceDate "2017.10.06"]
[SourceVersion "1"]
[SourceVersionDate "2017.10.06"]
[SourceQuality "1"]
[WhiteTeam "Turku TuTS"]
[BlackTeam "Karjaa KarjUra"]
[WhiteTeamCountry "FIN"]
[BlackTeamCountry "FIN"]

1. c4 c6 2. g3 e5 3. Bg2 Nf6 4. d4 d6 5. dxe5 dxe5 6. Qxd8+ Kxd8 7. Nf3 Nbd7 8. Nc3 Bb4 9. Bd2 Re8 10. Rd1 Bd6 11. Ng5 Ke7 12. Nce4 Nxe4 13. Nxe4 Bc7 14. Bb4+ Ke6 15. Nd6 Bxd6 16. Rxd6+ Ke7 17. Rxc6+ Kd8 18. Rd6 Kc7 19. Rd5 f6 20. Bd6+ Kb6 21. Rb5+ Ka6 22. Bc7 Nb6 23. b4 Nxc4 24. a4 b6 25. Ra5+ 1-0

[Event "FIN-chT 1718"]
[Site "Finland"]
[Date "2017.09.16"]
[Round "1.3"]
[White "Nurk, Ivo"]
[Black "Keinanen, Toivo"]
[Result "0-1"]
[WhiteElo "2112"]
[BlackElo "2297"]
[PlyCount "114"]
[EventDate "2017.09.16"]
[EventType "team-tourn"]
[EventRounds "11"]
[EventCountry "FIN"]
[SourceTitle "EXT 2019"]
[Source "ChessBase"]
[SourceDate "2018.10.10"]
[SourceVersion "1"]
[SourceVersionDate "2018.10.10"]
[SourceQuality "1"]
[WhiteTeam "Karjaa KarjUra"]
[BlackTeam "Espoo MatSK"]
[WhiteTeamCountry "FIN"]
[BlackTeamCountry "FIN"]

1. d4 d5 2. Nf3 Nf6 3. c3 c5 4. Qb3 Nc6 5. Bf4 c4 6. Qc2 Ne4 7. Nbd2 Bf5 8. Nxe4 Bxe4 9. Qa4 a6 10. Ne5 Qb6 11. b4 e6 12. f3 Bg6 13. g3 f6 14. Nxc6 Qxc6 15. Qxc6+ bxc6 16. a4 a5 17. b5 cxb5 18. axb5 Kd7 19. e4 Bd6 20. exd5 exd5 21. Bh3+ Kc7 22. b6+ Kc6 23. Bxd6 Kxd6 24. b7 Ra7 25. Bc8 Kc7 26. Kd2 Re8 27. Ra3 Bd3 28. Re1 Rxe1 29. Kxe1 a4 30. Kd2 Ra5 31. h4 Bg6 32. g4 Be8 33. Ke3 Bc6 34. Bf5 h6 35. h5 Bxb7 36. Bc2 Bc6 37. Kf4 Bd7 38. Bf5 Kd6 39. Bxd7 Kxd7 40. Kf5 Ke7 41. Kg6 Kf8 42. f4 Ra6 43. Kf5 Kf7 44. g5 Ra8 45. Ra2 a3 46. gxf6 gxf6 47. Kg4 Ke6 48. Re2+ Kd6 49. Ra2 Kc6 50. Kf5 Kb5 51. Kxf6 Ka4 52. Kg7 Kb3 53. Ra1 a2 54. f5 Kxc3 55. f6 Kb2 56. Re1 a1Q 57. Rxa1 Kxa1 0-1

[Event "FIN-chT 1617"]
[Site "Finland"]
[Date "2017.02.04"]
[Round "7.3"]
[White "Nurk, Ivo"]
[Black "Huovinen, Jere"]
[Result "0-1"]
[WhiteElo "2147"]
[BlackElo "2276"]
[PlyCount "74"]
[EventDate "2016.09.17"]
[EventType "team-tourn"]
[EventRounds "11"]
[EventCountry "FIN"]
[SourceTitle "EXT 2022"]
[Source "ChessBase"]
[SourceDate "2021.10.06"]
[SourceVersion "1"]
[SourceVersionDate "2021.10.06"]
[SourceQuality "1"]
[WhiteTeam "Karjaa KarjUra"]
[BlackTeam "Oulu OSS"]
[WhiteTeamCountry "FIN"]
[BlackTeamCountry "FIN"]

1. d4 Nf6 2. Nf3 e6 3. Bg5 d5 4. e3 Be7 5. Bd3 0-0 6. 0-0 Nbd7 7. c4 dxc4 8. Bxc4 c5 9. Nc3 a6 10. dxc5 Nxc5 11. a4 Nfe4 12. Qxd8 Bxd8 13. Bxd8 Rxd8 14. Rfd1 Bd7 15. Nxe4 Nxe4 16. Rd4 Bc6 17. Rad1 Rxd4 18. Rxd4 Nc5 19. a5 Nd7 20. b3 Kf8 21. Rh4 h6 22. Nd4 Rc8 23. Nxc6 Rxc6 24. Bf1 Rc1 25. b4 Ne5 26. b5 axb5 27. f4 Nc4 28. Kf2 Rc2+ 29. Kf3 f5 30. Bxc4 bxc4 31. g4 Ra2 32. gxf5 exf5 33. e4 Ra3+ 34. Ke2 Rxa5 35. e5 b5 36. Rh5 b4 37. Rh3 Ra3 0-1